| 000 | 00523nam a2200181Ia 4500 | ||
|---|---|---|---|
| 008 | 090201s9999 xx 000 0 und d | ||
| 010 | _aKPL-65397 | ||
| 040 | _bमराठी | ||
| 041 | _aमराठी | ||
| 082 |
_a3343 _b65397 |
||
| 100 | _aअरुण पाटील | ||
| 245 |
_aगटांगळया _cअरुण पाटील |
||
| 250 | _a1 | ||
| 260 |
_c2001 _bपरिमल प्रकाशन |
||
| 300 |
_a191 _bमध्यम |
||
| 600 | _aगटांगळया | ||
| 942 | _cBOOK | ||
| 999 |
_c204457 _d204457 |
||